000 00381pam a2200145 a 4500
020 _c
041 _h
082 _a658.151
100 _aANTHONY (Robert N.)/ GOVINDRAJAN (Vijay)
_eauthor
245 _aManagement Control Systems
_hTextual Document
250 _a12th
260 _bTata McGraw-Hil Publication Company Limited . Delhi
_c2009
300 _aiv, 769
930 _a6125
999 _c835347
_d835347